01126nam a22002777a 4500003000900000005001700009008003300026020001600059040002200075082002900097100003100126245009300157260005100250300003000301490005100331500006500382504003200447590002600479600006800505650003100573830004100604910004000645942001200685952013400697999001700831DO-SdBNP20240725120308.0171120b1997 sp |||| 00| 0 spa d a1563280868  aBPMSUbspacBPMSU 4aPR863. 4bL864b 19972221 aLópez-Baralt, Mercedes 10a El barco en la botella :bla poesía de Luis Palés Matos /cMercedes López-Baralt. aSan Juan, Puerto Rico : bPlaza Mayor, c1997. a313 p. : bil. ;c24 cm. 0 aBiblioteca de autores de Puerto Rico ;aEnsayo aIncluye datos de la autora en la solapa de la contracubierta aBibliografía : p. 293-304 aInventariado, 2024/VM14a Matos, Luis Palés d1898-1959xCrítica e interpretación  4aPoesía puertorriqueño  aBiblioteca de autores de Puerto Rico aVMateo V. Control de calidad. BPMSU 2ddccBK 00102ddc40708CGaBPMETbBPMETd2017-11-20eFUNDIl0oBPMSU CG PR863. 4 L864b 1997pBPMSU 17110276r2017-11-20w2017-11-20yBK c12966d12966